| 000 | 00529nam a2200145Ia 4500 | ||
|---|---|---|---|
| 008 | 081213s9999 xx 000 0 und d | ||
| 050 |
_aCB53 _b.B35 1958 |
||
| 100 | _aBailkey, Neils | ||
| 245 |
_aUnderstanding a history of civilization/ _cNels Bailkey |
||
| 260 |
_c1958 _aEnglewoods Cliffs _bPrentice-hall |
||
| 300 |
_aviii,103 p.; ill. ; maps _c24 cm. |
||
| 440 | _vvol. 1, | ||
| 942 |
_cBK _2lcc |
||
| 999 |
_c9620 _d9620 |
||